LIBRARY & INFORMATION CENTRE, KCAET, TAVANUR

ONLINE PUBLIC ACCESS CATALOGUE (OPAC)

Regional groundwater resources modelling using modflow- A case study (Record no. 15521)

MARC details
000 -LEADER
fixed length control field 00533nam a22001577a 4500
003 - CONTROL NUMBER IDENTIFIER
control field OSt
008 - FIXED-LENGTH DATA ELEMENTS--GENERAL INFORMATION
fixed length control field 180904b ||||| |||| 00| 0 eng d
082 ## - DEWEY DECIMAL CLASSIFICATION NUMBER
Classification number 631.45
Item number UDA/RE
100 ## - MAIN ENTRY--AUTHOR NAME
Personal name Uday Banu Prakash, V
245 ## - TITLE STATEMENT
Title Regional groundwater resources modelling using modflow- A case study
260 ## - PUBLICATION, DISTRIBUTION, ETC. (IMPRINT)
Place of publication Thavanur
Name of publisher Department of irrigation and drainage engineering
Year of publication 2018
300 ## - PHYSICAL DESCRIPTION
Number of Pages 114
Accompanying material CD
700 ## - ADDED ENTRY--PERSONAL NAME
Personal name Sasikala, D (Guide)
856 ## - ELECTRONIC LOCATION AND ACCESS
Uniform Resource Identifier <a href="https://drive.google.com/open?id=1kKpQFBy7zgxOSFebNiPkhd-X5jsFHRut">https://drive.google.com/open?id=1kKpQFBy7zgxOSFebNiPkhd-X5jsFHRut</a>
942 ## - ADDED ENTRY ELEMENTS (KOHA)
Koha item type Theses
Holdings
Withdrawn status Lost status Damaged status Home library Current library Date acquired Full call number Accession Number Koha item type Public note
      KAUAET KAUAET 04/09/2018 631.45 UDA/RE T 422 Theses M.Tech Thesis
free website counter